Valorizácia prírodného prostredia na území SR pre tvorbu ponuky v CR diplomová práca

Guardado en:
Detalles Bibliográficos
Autor principal: Mašanová, Zuzana
Autor Corporativo: Obchodná fakulta EU. Katedra služieb a cestovného ruchu - zrušené
Otros Autores: Plesník, Pavol, 1956-
Formato: Libro
Lenguaje:eslovaco
Publicado: Bratislava 2011
Etiquetas: Agregar Etiqueta
Sin Etiquetas, Sea el primero en etiquetar este registro!

MARC

LEADER 00000nbm a2200000 4500
001 0140329
005 20161109101926.7
041 0 |a slo 
044 |a SK 
245 1 0 |a Valorizácia prírodného prostredia na území SR pre tvorbu ponuky v CR  |b diplomová práca  |c Zuzana Mašanová ; školiteľ: Pavol Plesník 
264 1 |a Bratislava  |c 2011 
300 |a 81 s. 
100 1 |a Mašanová, Zuzana 
700 1 |a Plesník, Pavol, 1956- 
710 2 |a Obchodná fakulta EU. Katedra služieb a cestovného ruchu - zrušené